„Tanítani hivatás vagy harc?” - A stressz és kiégés jelenléte és kezelése a gazdaságból érkező oktatók esetében

Bibliográfiai részletek
Szerző: Ferenczi Miklós István
További közreműködők: Thuma Dr. Orsolya Klára
Dokumentumtípus: Diplomadolgozat
Kulcsszavak:kiégés
mentálhigiénia
stressz
stresszhelyzet
stresszkezelés
Online Access:http://dolgozattar.uni-bge.hu/59435

MARC

LEADER 00000nta a2200000 i 4500
001 dolg59435
005 20260409145040.0
008 260409suuuu hu om 000 hun d
040 |a BGE Dolgozattár Repozitórium  |b hun 
041 |a hu 
100 1 |a Ferenczi Miklós István 
245 1 0 |a „Tanítani hivatás vagy harc?” - A stressz és kiégés jelenléte és kezelése a gazdaságból érkező oktatók esetében  |c Ferenczi Miklós István  |h [elektronikus dokumentum] 
520 3 |a Dolgozatomban a stressz és a kiégés jelenségét vizsgáltam az oktatók körében, különös tekintettel a gazdasági szférából érkező oktatókra. Célom az volt, hogy feltárjam, milyen tényezők járulnak hozzá a kiégés kialakulásához, és milyen mértékben vannak jelen az érzelmi kimerültség, a deperszonalizáció és a személyes hatékonyság csökkenésének jelei ebben a célcsoportban. A dolgozat elméleti részében bemutattam a stressz, a kiégés és a mentálhigiéné legfontosabb szakirodalmi hátterét, valamint a megküzdési stratégiák szerepét. A kutatás során kvantitatív és kvalitatív módszereket egyaránt alkalmaztam: kérdőíves felméréssel és félig strukturált interjúkkal gyűjtöttem adatokat az oktatók megéléseiről és tapasztalatairól. Eredményeim alapján a kiégés különböző szintjei több oktatónál is megfigyelhetők, elsősorban az érzelmi kimerültség és a motiváció csökkenése terén. Ugyanakkor a válaszadók többsége tudatosan keres feltöltődési lehetőségeket, és különböző megküzdési formákat alkalmaz a stressz csökkentése érdekében. A dolgozatomban javaslatokat is megfogalmazok a kiégés megelőzésére, a mentális egészség megőrzésére és a pedagógiai hatékonyság növelésére. 
695 |a kiégés 
695 |a mentálhigiénia 
695 |a stressz 
695 |a stresszhelyzet 
695 |a stresszkezelés 
700 1 |a Thuma Dr. Orsolya Klára  |e ths 
856 4 0 |u http://dolgozattar.uni-bge.hu/59435/1/Ferenczi%20Mikl%C3%B3s%20Istv%C3%A1n_BHVRPA_%20Szakdolgozat.pdf  |z Dokumentum-elérés 
856 4 0 |u http://dolgozattar.uni-bge.hu/59435/2/Ferenczi_Mikl%C3%B3s_Istv%C3%A1n_%20k%C3%BCls%C5%91_b%C3%ADr%C3%A1l%C3%B3.pdf  |z Dokumentum-elérés 
856 4 0 |u http://dolgozattar.uni-bge.hu/59435/3/Ferenczi%20Mikl%C3%B3s%20b%C3%ADr%C3%A1lat%20SZO.pdf  |z Dokumentum-elérés